000 00834nas a2200265 4500
001 BR0904868
003 BR-BrBNA
005 20231205113601.0
007 ta
008 230509b bl.|||p| |||| 00| 00por d
040 _aBR-BrBNA
_bpor
_cBiblioteca Nacional de Agricultura
041 _a(Pt)
072 _aH10
100 1 _aCerqueira, A. de O.
100 1 _aLuz, E.D.M.N.
100 1 _aRocha, C.S.S.
245 1 _aCaracterização morfológica e biométrica de alguns isolados de Phytophthora spp. da micoteca do centro de pesquisas do cacau
650 _aCACAU
650 _aPRAGA DE PLANTA
650 _aMORFOLOGIA
650 _aBIOMETRIA
773 0 _tFitopatologia Brasileira (Brazil)
_xISSN 0100-4158
_g(Jun 1999), v. 24(2) p. 114-119
_wBR0904868
909 _a202311
_bLúcia
_c55
_dLúcia Elande
942 _2AGRIS
_n0
_cANA
999 _c204571
_d204571